UBT Library

The joy of children's literature / (Record no. 40024)

000 -LEADER
fixed length control field 00820cam a2200265 a 4500
001 - CONTROL NUMBER
control field 14755011
005 - DATE AND TIME OF LATEST TRANSACTION
control field 20180110080642.0
008 - FIXED-LENGTH DATA ELEMENTS--GENERAL INFORMATION
fixed length control field 070302s2009 maua b 001 0 eng
010 ## - LIBRARY OF CONGRESS CONTROL NUMBER
LC control number 2007923965
Canceled/invalid LC control number 2007942041
020 ## - INTERNATIONAL STANDARD BOOK NUMBER
International Standard Book Number 9780618247691 (student text)
020 ## - INTERNATIONAL STANDARD BOOK NUMBER
International Standard Book Number 0618247696 (student text)
020 ## - INTERNATIONAL STANDARD BOOK NUMBER
International Standard Book Number 9780618833313 (instructor's exam copy)
020 ## - INTERNATIONAL STANDARD BOOK NUMBER
International Standard Book Number 0618247696 (instructor's exam copy)
040 ## - CATALOGING SOURCE
Original cataloging agency DLC
Transcribing agency DLC
Modifying agency DLC
041 ## - LANGUAGE CODE
Language code of text/sound track or separate title eng
080 ## - UNIVERSAL DECIMAL CLASSIFICATION NUMBER
Universal Decimal Classification number 809.89282 JOH
082 00 - DEWEY DECIMAL CLASSIFICATION NUMBER
Classification number 809.89282 JOH
Edition number 22
100 1# - Rafti
Rafti 46
101 ## - Shkurtesa
Shkurtesa EDU
245 14 - TITLE STATEMENT
Title The joy of children's literature /
Statement of responsibility, etc Denise Johnson.
504 ## - BIBLIOGRAPHY, ETC. NOTE
Bibliography, etc Includes bibliographical references and indexes.
906 ## - LOCAL DATA ELEMENT F, LDF (RLIN)
a 7
b cbc
c orignew
d 2
e epcn
f 20
g y-gencatlg
942 ## - ADDED ENTRY ELEMENTS (KOHA)
Source of classification or shelving scheme
Item type Books
Holdings
Withdrawn status Lost status Source of classification or shelving scheme Damaged status Not for loan Collection code Permanent location Current location Shelving location Date acquired Total Checkouts Full call number Barcode Date last seen Price effective from Koha item type
          Koleksioni i përgjithshem UBT - Lipjan UBT - Lipjan Koleksioni i përgjithshem 01/10/2018   809.89282 JOH 002-2995035 01/10/2018 01/10/2018 Books
UBT Library © 2015-2024. All rights reserved University Education for Business and Technology